000
00337nam a2200145 a 4500
003
MO
005
20170315093311.0
008
100918s19uu xx 00 eng d
050
_a
TR
_b
M18 1966
100
_a
Machiavelli, Niccolo
245
_a
The prince.
260
_a
New York :
_b
Bantam,
_c
1966.
942
_2
ddc
_c
BK
999
_c
111393
_d
111393